| 000 | 00500nam a2200157 a 4500 | ||
|---|---|---|---|
| 008 | 160825s2012 ||||||||||||||||| || u | ||
| 020 | _a9780755371747 | ||
| 050 | _aPR 6112.Y55I27 | ||
| 100 | _aLynn, Matt | ||
| 245 | 1 | 0 |
_aIce force _cBy Matt Lynn |
| 260 |
_aLondon _bHeadline _c2012 |
||
| 300 | _a 465 p. | ||
| 350 | _a6.94 | ||
| 650 | _aENGLISH LANGUAGE | ||
| 995 |
_FCBU-MAIN LIBRARY (Kitwe) _I6.94 _M1 _UAVAILABLE _WOct 19, 2016 _ZFiction Collection |
||
| 999 |
_c46091 _d46091 |
||